000 00410nam a2200181Ia 4500
005 20250603145829.0
008 250603s9999 xx 000 0 und d
020 _a9780073368054
050 _aJK 276 .P37/
100 _a Patterson, Thomas E.
245 4 _aThe American democracy
260 _aBoston
260 _bMcGraw- Hill
260 _c2008
300 _a775 p
650 _aBoston
942 _cBK
999 _c42984
_d42984